000 00490nam a2200193 a 4500
001 1766566527235
003 YourLibrary
005 20251226115019.0
008 251224s2004##################000#0#eng##
020 _a9780141003603
082 0 4 _a232.954
_bVER
100 1 _aVermes, Geza,
_eauthor.
245 1 0 _aThe Authentic Gospel of Jesus :
260 _bePenguin,
_c2004.
300 _a468 pages
650 0 _aReligion.
942 _cENGLISH
040 _aYourLibrary
_beng
_cYourLibrary
999 _c604634
_d604634